Tippu Sultan (Record no. 23287)

MARC details
000 -LEADER
fixed length control field 00337nam a22001457a 4500
020 ## - INTERNATIONAL STANDARD BOOK NUMBER
ISBN 8126414707
082 ## - DEWEY DECIMAL CLASSIFICATION NUMBER
Classification number 923.154 BAL
100 ## - MAIN ENTRY--AUTHOR NAME
Author name Balakrishnan, P.K.
245 ## - TITLE STATEMENT
Title Tippu Sultan
260 ## - PUBLICATION, DISTRIBUTION, ETC. (IMPRINT)
Place of publication Kottayam, Kerala
Name of publisher D. C. Books
Year of publication 1959
300 ## - PHYSICAL DESCRIPTION
Number of Pages 208
650 ## - SUBJECT ADDED ENTRY--TOPICAL TERM
Topical Term History of India-Tippu Sultan
942 ## - ADDED ENTRY ELEMENTS (KOHA)
Koha item type Books
Holdings
Home library Current library Shelving location Date acquired Cost, normal purchase price Full call number Accession Number Koha item type
Henry Martyn Institute Library Henry Martyn Institute Library General stacks 09/21/2022 190.00 923.154 BAL 25501 Books
                   Copyright © 2026 | Henry Martyn Institute | Hyderabad | TS-500052 | INDIA | Implemented by hmi.edu.in
Hit-Count:

Powered by Koha